000 01517nabaa22002297a 4500
999 _c6202
_d6202
003 OSt
005 20260125205019.0
008 190701b xxu||||| |||| 00| 0 spa d
040 _cPJ
100 _96922
_aFlores, Álvaro Bautista
245 1 3 _aLas perspectivas del contrato de concesión de obra pública en la República Argentina /
_cÁlvaro Bautista Flores.
300 _ap. 62-80
500 _aCita: TR LALEY AR/DOC/2727/2024
505 _aSumario: I. Consideraciones iniciales.— II. Lineamientos acerca del contrato de concesión de obra pública.— III. Los principios aplicables al contrato de concesión de obra pública.— IV. Las modalidades en el contrato de concesión de obra pública.— V. La garantía del financiamiento.— VI. El procedimiento de selección, la iniciativa privada y el régimen legal aplicable.— VII. El contenido de la documentación contractual.— VIII. El mantenimiento de la ecuación económico-financiera.— IX. El tratamiento de la extinción anticipada de la concesión.— X. Los mecanismos de resolución de conflictos.— XI. Palabras finales.
505 _t¿Te interesa el texto completo? Comunicate al correo: koha@justierradelfuego.gov.ar
650 0 _9211
_aDERECHO ADMINISTRATIVO
650 0 _93177
_aREFORMA DEL ESTADO
650 0 _93463
_aCONTRATOS
700 _96933
_aSraiber, Elisa
773 0 _02842
_93251
_dBuenos Aires : AbeledoPerrot, 2012-
_oDA121
_tDerecho administrativo. Nº 156 noviembre/diciembre 2024
_z18510590
942 _2udc
_cANA